000 01179nam a2200265 a 4500
005 20240305165346.0
008 091117s2009 sp 001 0 spa c
020 _a9788498497366
035 _a5726
040 _avLex
090 _c2416
_d2416
245 0 3 _aEl derecho civil
_h[Recurso electrónico] :
_bcuaderno I /
_cCarmen Bayod López...[et al.]; coordinadora: María Pilar Ferrer Vanrell
256 _aServicio en línea.
260 _aMadrid :
_bDykinson,
_cDL2009
300 _a128 p.
504 _aBibliografía
506 1 _aContenido solo disponible en los productos indicados
_dvLex Global
_dvLex Global (Academic Edition, excluding Law Schools)
_dvLex Global (U.S. Academic Edition, Law Schools)
_dvLex Global (U.S. Academic Edition, excluding Law Schools)
_dvLex Global (Academic Edition, Law Schools)
650 4 _aDerecho civil
700 1 _aBayod López, Carmen
700 1 _aFerrer Vanrell, María Pilar
740 0 _avLex Libros (Servicio en línea)
830 0 _aCuadernos prácticos Bolonia.
_pparte general;
_v1
856 4 0 _uhttps://app.vlex.com/#/sources/cuadernos-practicos-bolonia-parte-general-cuaderno-derecho-civil-5726
942 _cRAA
999 _c160845
_d160845